The properties of gases & liquids 4th ed (Record no. 7829)

MARC details
000 -LEADER
fixed length control field 00381nam a22001337a 4500
003 - CONTROL NUMBER IDENTIFIER
control field NG-AbAUS
008 - FIXED-LENGTH DATA ELEMENTS--GENERAL INFORMATION
fixed length control field 160808b xxu||||| |||| 00| 0 eng d
082 ## - DEWEY DECIMAL CLASSIFICATION NUMBER
Edition number 4
Classification number 543 R2721
100 ## - MAIN ENTRY--PERSONAL NAME
Personal name Reid C Robert, Prausnitz M John & Poling E Bruce
9 (RLIN) 806
245 ## - TITLE STATEMENT
Title The properties of gases & liquids 4th ed
260 ## - PUBLICATION, DISTRIBUTION, ETC. (IMPRINT)
Place of publication, distribution, etc New York
Name of publisher, distributor, etc McGraw-Hill
Date of publication, distribution, etc 1987
300 ## - PHYSICAL DESCRIPTION
Extent 741
Other physical details Index
942 ## - ADDED ENTRY ELEMENTS (KOHA)
Source of classification or shelving scheme Dewey Decimal Classification
Item type Book

No items available.